000 00612nam a2200217Ia 4500
005 20250505124840.0
008 008 250505s9999 xx 000 0 eng d
037 _aReference
040 _aLCO
_beng
_cLCO
041 _aeng
_2eng
084 _aZ2,7,16 R2
_qLCO
100 _aomkar, Anuroop
_9753930
245 0 _aThird party funding of dispute resolution
_c Anuroop omkar and Kritika Krishnamurthy
250 _a1st
260 _aLucknow, India
_bLexisNexis
_c2022
300 _a195
365 _aINR
_b995
650 _aLaw
942 _cREF
_hZ2,7,16 R2
999 _c1310382
_d1310382